मनचाही सफलता पाइए/ (Record no. 201779)

MARC details
000 -LEADER
fixed length control field 00755nam a22002057a 4500
005 - DATE AND TIME OF LATEST TRANSACTION
control field 20240326155641.0
010 ## - LCCN (DPL NO)
LC control number HIN-127224
020 ## - INTERNATIONAL STANDARD BOOK NUMBER
International Standard Book Number 9788170165897
Terms of availability 950.00
035 ## - SYSTEM CONTROL NUMBER
System control number HN-99570
037 ## - SOURCE OF ACQUISITION
Source of stock number/acquisition DBAD/PUB.
082 ## - DEWEY DECIMAL CLASSIFICATION NUMBER
Classification number 158.1
100 ## - MAIN ENTRY--PERSONAL NAME
Personal name कुमरावत,उमेश
245 ## - TITLE STATEMENT
Title मनचाही सफलता पाइए/
Statement of responsibility, etc उमेश कुमरावत
250 ## - EDITION STATEMENT
Edition statement 1
260 ## - PUBLICATION, DISTRIBUTION, ETC. (IMPRINT)
Place of publication, distribution, etc नई दिल्ली
Name of publisher, distributor, etc किताब घर
Date of publication, distribution, etc 2021
270 ## - ADDRESS
Address 24/4855 अंसारी रोड दरियागंज
City नई दिल्ली
Postal code 110002
300 ## - PHYSICAL DESCRIPTION
Extent 78 पृ;
Dimensions 23 सेमी (सजिल्द)
700 ## - ADDED ENTRY--PERSONAL NAME
9 (RLIN) 63915
942 ## - ADDED ENTRY ELEMENTS (KOHA)
Institution code [OBSOLETE] dpl
Item type Hindi Books
Source of classification or shelving scheme Dewey Decimal Classification
Classification part 158.1
Call number suffix कुमरा
Holdings
Withdrawn status Lost status Not for loan Collection code Home library Current library Date acquired Source of acquisition Cost, normal purchase price Full call number Barcode Copy number Cost, replacement price Koha item type
      Non-fiction Bawana Bawana 26/03/2024 DBAD/PUB 180.00 158.1 कुमरा HN-99570 1 180.00 Hindi Books

© Delhi Public Library
Hit Counter
free hit counter